LEADER 01560nam0 22003133i 450 001 VAN00097347 005 20240806100706.346 010 $a88-14-11742-X 100 $a20140402d2005 |0itac50 ba 101 $aita 102 $aIT 105 $a|||| ||||| 200 1 $aFormulario del nuovo processo societario$etutti i procedimenti di cognizione, cautelari e in camera di consiglio, in materia di diritto societario, bancario, creditizio e di intermediazione finanziaria$edopo la riforma delle società di capitale e delle cooperative e gli aggiornamenti operati con i d. lgs. 37/2004 e 310/2004$fLuigi Matteo Bonavolontà 205 $a2. ed 210 $aMilano$cA. Giuffrè$d2005 215 $aXXVI, 501 p.$d24 cm$e1 CD-ROM. 410 1$1001VAN00045177$12001 $aCosa & Come. Formulari$1210 $aMilano$cGiuffrè. 620 $dMilano$3VANL000284 700 1$aBonavolontà$bLuigi M.$3VANV007721$0729785 712 $aGiuffrè $3VANV109181$4650 790 1$aBonavolontà, Luigi$zBonavolontà, Luigi M.$3VANV001248 790 1$aBonavolontà, Luigi Matteo$zBonavolontà, Luigi M.$3VANV026258 790 1$aBonavolonta, Luigi M.$zBonavolontà, Luigi M.$3VANV061970 801 $aIT$bSOL$c20251114$gRICA 899 $aBIBLIOTECA DEL DIPARTIMENTO DI ECONOMIA$1IT-CE0106$2VAN03 912 $aVAN00097347 950 $aBIBLIOTECA DEL DIPARTIMENTO DI ECONOMIA$d03PREST IVCd89 $e03 31621 20140402 996 $aFormulario del nuovo processo societario$91408142 997 $aUNICAMPANIA